| 000 | 00527nam a2200181Ia 4500 | ||
|---|---|---|---|
| 003 | LDD | ||
| 008 | 190117s9999 xx 000 0 und d | ||
| 020 | _c₹30 | ||
| 040 | _cLDD | ||
| 041 | _ahi | ||
| 082 | _a8H8.709 न1606वि-3 | ||
| 100 | _aनगेन्द्र | ||
| 245 | 0 |
_aविचार और विवेचना _cनगेन्द्र |
|
| 250 | _aतृतीय संस्करण | ||
| 260 |
_aनई दिल्ली _bनेशनल _c1974 |
||
| 300 | _a136प्र. | ||
| 942 |
_2ddc _cH |
||
| 999 |
_c161880 _d161880 |
||